00631nam a2200229 a 4500001001300000003000900013005001700022008004100039020001000080082001300090100002200103245002100125260004000146300000900186500003500195505002600230650001100256902000800267942000700275952010400282999001500386nice12345678IN_TiNIC20260116011827.0050524s1948 hyda grp 000 0 urd  ac10000a170bMAC aMackenzie, John S aManual of Ethics aHyderabadbOsmania Universityc1948 a426p aincludes index and biblioraphy2 aBibliographical Notes aEthics bSRS cBK 00104070aHMIbHMId2007-03-15g100.00l1o170 MACp9893r2022-07-19s2022-07-15w2026-01-16yEB c4253d4253